Hurvínkovy veselé příběhy

Uloženo v:
Další autoři: Klásek, Martin, 1957- (Autor, Herec), Štáchová, Helena, 1944-2017 (Autor, Herec), Cmíral, Pavel, 1945- (Autor)
Médium: Audiokniha
Jazyk:Czech
Vydáno: Praha : Supraphon, 2025
Témata:
Celkem bylo vypůjčeno:0x
Tagy:
Žádné tagy
LEADER 01875cim a2200469 i 4500
001 106297
003 CZ PrNK
005 20260512111904.0
007 sd fungnnmmned
008 250424p20251998xr nnnng d n cze
024 1 |a 099925680527 
028 0 1 |a SU 6805-2  |b Supraphon 
040 |a ABA001  |b cze  |e rda 
072 7 |a 821.162.3-2  |x České drama  |2 Konspekt  |9 25 
072 7 |a 821-93  |x Literatura pro děti a mládež (beletrie)  |2 Konspekt  |9 26 
080 |a 821.162.3-2  |2 MRF 
080 |a (086.7.053.2)  |2 MRF 
080 |a (086.76)  |2 MRF 
245 0 0 |a Hurvínkovy veselé příběhy 
264 1 |a Praha :  |b Supraphon,  |c 2025 
300 |a 1 audiodisk (5 hod., 58 min.) ;  |c 12 cm 
336 |a mluvené slovo  |b spw  |2 rdacontent 
337 |a audio  |b s  |2 rdamedia 
338 |a audiodisk  |b sd  |2 rdacarrier 
344 |a digital 
500 |a Název z disku 
500 |a Fonogramy 1998-2008 
505 0 |a Hurvínek Ufonem ; Hurvínek a zrcadlo / Martin Klásek -- Jak si Hurvínek Máničku našel / Helena Štáchová a Pavel Cmíral -- Hurvínkovo chichotání 2 ; Hurvínkovo chichotání 3 / Helena Štáchová 
511 0 |a Hrají různí herci 
655 7 |a česká dramata  |7 fd133957  |2 czenas  |9 54024 
655 7 |a zvukové záznamy pro děti a mládež  |7 fd186726  |2 czenas  |9 408 
655 7 |a kompaktní disky  |7 fd201991  |2 czenas  |9 54543 
655 9 |a Czech drama  |2 eczenas 
655 9 |a juvenile sound recordings  |2 eczenas 
655 9 |a compact discs  |2 eczenas 
700 1 |a Klásek, Martin,  |d 1957-  |7 jo20010084536  |4 aut  |9 20395  |4 act 
700 1 |a Štáchová, Helena,  |d 1944-2017  |7 jn19990209886  |4 aut  |9 36501  |4 act 
700 1 |a Cmíral, Pavel,  |d 1945-  |7 jk01020791  |4 aut  |9 10066 
910 |a UOG502 
942 |2 ddc  |c AK 
999 |d 106297 
993 |0 0  |1 421180107022  |2 ddc  |4 0  |7 0  |9 99670  |b 0  |c 107022  |d 2026-05-12  |e 0  |f M  |h 425.00  |i Koupě  |l M  |r 2026-05-12  |t 8  |w 2026-05-12  |y AK  |z AUDIO  |n